<?xml version="1.0" encoding="UTF-8"?>
<record
    xmlns:xsi="http://www.w3.org/2001/XMLSchema-instance"
    xsi:schemaLocation="http://www.loc.gov/MARC21/slim http://www.loc.gov/standards/marcxml/schema/MARC21slim.xsd"
    xmlns="http://www.loc.gov/MARC21/slim">

  <leader>01930nam a22002537a 4500</leader>
  <controlfield tag="008">251117b        |||||||| |||| 00| 0 eng d</controlfield>
  <datafield tag="020" ind1=" " ind2=" ">
    <subfield code="a">9781250375087</subfield>
  </datafield>
  <datafield tag="040" ind1=" " ind2=" ">
    <subfield code="c">tbs</subfield>
  </datafield>
  <datafield tag="041" ind1=" " ind2=" ">
    <subfield code="a">eng</subfield>
  </datafield>
  <datafield tag="100" ind1=" " ind2=" ">
    <subfield code="a">Stevenson, M.</subfield>
    <subfield code="q">(Marina)</subfield>
    <subfield code="9">26526</subfield>
    <subfield code="e">author</subfield>
  </datafield>
  <datafield tag="245" ind1=" " ind2=" ">
    <subfield code="a">Behooved</subfield>
    <subfield code="c">/ M. Stevenson.</subfield>
  </datafield>
  <datafield tag="260" ind1=" " ind2=" ">
    <subfield code="a">New York, NY : </subfield>
    <subfield code="b">Bramble, Tor Publishing Group, </subfield>
    <subfield code="c">2025.</subfield>
  </datafield>
  <datafield tag="300" ind1=" " ind2=" ">
    <subfield code="a">341 pages ;</subfield>
    <subfield code="c">21 cm.</subfield>
  </datafield>
  <datafield tag="520" ind1=" " ind2=" ">
    <subfield code="a">A charming slow-burn fantasy featuring a duty-bound noblewoman with a chronic illness, a prince who would rather be in a library than on a throne, and a magical ride through a world of cozy enchantment

Bianca knows her duty comes before her heart. So when the threat of war looms, she agrees to marry the neighboring kingdom&#x2019;s heir. But not all royal weddings are a fairytale, and Prince Aric, Bianca&#x2019;s betrothed, is cold, aloof, and seems to hate her on sight.

To make matters worse, on their wedding night, an assassination attempt goes awry&#x2014;leaving Aric magically transformed into a horse. Bianca does what any bride in this situation would do: she mounts her new husband and rides away to safety.

Sunset returns Aric to human form, but they soon discover the assassination attempt is part of a larger plot against the throne. Worse, Bianca has been framed for Aric&#x2019;s murder, and she&#x2019;s now saddled with a husband who is a horse by day and a frustratingly attractive man by night.

As an unexpected romance begins galloping away with their hearts, Bianca and Aric must rely on each other to unravel the curse and save the throne.</subfield>
  </datafield>
  <datafield tag="650" ind1=" " ind2="0">
    <subfield code="a">Arranged marriage</subfield>
    <subfield code="v">Fiction</subfield>
    <subfield code="9">25566</subfield>
  </datafield>
  <datafield tag="650" ind1=" " ind2="0">
    <subfield code="a">Attempted assassination</subfield>
    <subfield code="v">Fiction</subfield>
    <subfield code="9">26527</subfield>
  </datafield>
  <datafield tag="650" ind1=" " ind2="0">
    <subfield code="a">Horses</subfield>
    <subfield code="v">Fiction</subfield>
    <subfield code="9">26528</subfield>
  </datafield>
  <datafield tag="650" ind1=" " ind2="0">
    <subfield code="a">Magic</subfield>
    <subfield code="v">Fiction</subfield>
    <subfield code="9">24059</subfield>
  </datafield>
  <datafield tag="650" ind1=" " ind2="0">
    <subfield code="a">Man-woman relationships </subfield>
    <subfield code="v">Fiction</subfield>
    <subfield code="9">11134</subfield>
  </datafield>
  <datafield tag="650" ind1=" " ind2="0">
    <subfield code="a">Nobility</subfield>
    <subfield code="v">Fiction</subfield>
    <subfield code="9">26529</subfield>
  </datafield>
  <datafield tag="650" ind1=" " ind2="0">
    <subfield code="a">Princes</subfield>
    <subfield code="v">Fiction</subfield>
    <subfield code="9">26530</subfield>
  </datafield>
  <datafield tag="655" ind1=" " ind2="0">
    <subfield code="a">Fantasy fiction</subfield>
    <subfield code="9">22510</subfield>
  </datafield>
  <datafield tag="942" ind1=" " ind2=" ">
    <subfield code="2">lcc</subfield>
  </datafield>
  <datafield tag="952" ind1=" " ind2=" ">
    <subfield code="0">0</subfield>
    <subfield code="1">0</subfield>
    <subfield code="2">lcc</subfield>
    <subfield code="4">0</subfield>
    <subfield code="7">0</subfield>
    <subfield code="a">TBS</subfield>
    <subfield code="b">TBS</subfield>
    <subfield code="d">2025-11-17</subfield>
    <subfield code="l">1</subfield>
    <subfield code="o">P-EN STE</subfield>
    <subfield code="p">B05633</subfield>
    <subfield code="r">2026-03-19</subfield>
    <subfield code="s">2026-02-04</subfield>
    <subfield code="t">1</subfield>
    <subfield code="w">2025-11-17</subfield>
    <subfield code="y">1</subfield>
  </datafield>
  <datafield tag="999" ind1=" " ind2=" ">
    <subfield code="c">5185</subfield>
    <subfield code="d">5185</subfield>
  </datafield>
</record>
